000 00497nam a2200181 4500
001 144062
003 ES-MaACL
005 20230906200932.0
007 t|
008 070214s1956 sp r ||||1| spa d
100 1 _aShub, David.
_9106171
245 1 0 _aLenin /
_cDavid Shub ; traducción de Juan G. de Luaces.
250 _a1ª. ed.
260 _aBarcelona :
_bPlaneta,
_c1956.
300 _a513 p. ;
_c21 cm.
700 1 _aLuaces, Juan G. de.
_974483
852 _aES-MaACL
_jC-12966
_bR.39841
999 _c144062
_d144062